Producción comercial de conejos para carne /

Guardado en:
Autor Principal: Portsmouth, J. I.
Otros Autores: Escobar, Jaime Esain
Formato: Libro
Publicado: Zaragoza : Acribia, 1975
Edición:2a. ed.
Series:Manuales de técnica agropecuaria
Materias:
Etiquetas: Agregar Etiqueta
Sin Etiquetas, Sea el primero en etiquetar este registro!
LEADER 00942nam a22002775a 4500
001 CEM.cems016079
008 130507s1975##################000#0#####d
005 20210909195142.0
003 CEMS
245 1 0 |a Producción comercial de conejos para carne /  |c J. I. Portsmouth ; traducido Paor Jaime Esain Escobar 
250 |a 2a. ed. 
260 |a Zaragoza :  |b Acribia,  |c 1975 
300 |a 207 p. 
490 1 |a Manuales de técnica agropecuaria 
505 0 |a Razas -- Cría -- Alojamiento -- Alimentación -- Atenciones generales -- Venta -- Gastos e ingresos -- Enfermedades 
020 |a 842000099X 
100 1 |a Portsmouth, J. I. 
700 1 |a Escobar, Jaime Esain 
082 0 4 |a 636.9 
653 |a Conejos 
653 |a Cunicultura 
653 |a Conejos-comercialización 
653 |a Conejos-enfermedades 
653 |a Conejos para carne 
653 |a Conejos-alimentación 
859 |a CEMS  |b BIB. CEMS - Agricultura  |h 636.9  |i P838  |p A16165.91  |t Ej.1